Sports Quiz

Random Sports or City Quiz

Hvem har spillet for BÅDE Chelsea og Manchester City? Quiz Stats

Quiz not verified by Sporcle

Challenge
Share
Tweet
Embed
Score 0/13 Timer 03:00
0 Plays Today
% Correct
Frank Lampard
90.5%
Shaun Wright-Phillips
83.3%
Kevin De Bruyne
77.8%
Wayne Bridge
75.3%
Nicolas Anelka
75.2%
Scott Sinclair
69.7%
Daniel Sturridge
65.3%
Tal Ben Haim
58.1%
Danny Granville
49.7%
Terry Phelan
49.6%
George Weah
48.4%
Laurent Charvet
47.5%
David Rocastle
47.3%

You're not logged in!

Compare scores with friends on all Sporcle quizzes.
Join for Free
OR
Log In

You Might Also Like...

Show Comments

Extras

Top Quizzes Today


Score Distribution

Your Account Isn't Verified!

In order to create a playlist on Sporcle, you need to verify the email address you used during registration. Go to your Sporcle Settings to finish the process.

Report this User

Report this user for behavior that violates our Community Guidelines.

Details: